| 000 | 016390000a22003490004500 | ||
|---|---|---|---|
| 003 | EG-GICUC | ||
| 005 | 20250223025333.0 | ||
| 008 | 080615s2008 ua h f m 000 0 eng d | ||
| 040 |
_aEG-GICUC _beng _cEG-GICUC |
||
| 041 | 0 | _aEng | |
| 049 | _aDeposite | ||
| 097 | _aM.Sc | ||
| 099 | _aCai01.11.10.M.Sc.2008.Mo.D | ||
| 100 | 0 | _aMona Ibrahim Saba | |
| 245 | 1 | 0 |
_aDermoscopy / _cMona Ibrahim Saba ; Supervised Heba Helmy Elhadidi , Shahira Abdelrahman Ramadan , Amira Eltawdy |
| 246 | 1 | 5 | _aالمنظار الجلدى فى تشخيص الامراض الجلدية |
| 260 |
_aCairo : _bMona Ibrahim Saba , _c2008 |
||
| 300 |
_a88Leaves : _bfacsimiles ; _c30cm |
||
| 502 | _aThesis (M.Sc.) - Cairo University - Faculty Of Medicine - Department Of Dermatology and Venerology | ||
| 520 | _aDermoscopy is the most recent noninvasive method that aids in the early diagnosis of pigmented skin lesions by giving physicians a more detailed view of the skin that is possible with the naked eye.normally the skin appers opaque and thus underlying structures cannot be adequately examined.Dermoscopy allows physicians to visualize structures underneath the stratum corneum and has been shown to increase diagnostic facilities | ||
| 530 | _aIssued also as CD | ||
| 653 | 4 | _aImmersion fluids | |
| 653 | 4 | _aLight emitting diods | |
| 653 | 4 | _aUltra violet | |
| 700 | 0 |
_aAmira Eltawdy , _eSupervisor |
|
| 700 | 0 |
_aHeba Helmy Elhadidi , _eSupervisor |
|
| 700 | 0 |
_aShahira Abdelrahman Ramadan , _eSupervisor |
|
| 856 | _uhttp://172.23.153.220/th.pdf | ||
| 905 |
_aAml _eCataloger |
||
| 905 |
_aNazla _eRevisor |
||
| 942 |
_2ddc _cTH |
||
| 999 |
_c10783 _d10783 |
||